000
00203 a2200097 4500
001
8457
090
_c
6823
_d
6823
100
_a
Shaw, B
245
_a
Candida (Transfered to SOA)
_h
English
260
_b
Longmans
_a
1956
942
_a
NUST-CAE
999
_c
243530
_d
243530